000 00357cam a22001217a 4500
008 180718b1981 xxu||||| |||| 00| 0 eng d
082 _aT2x54 R162
100 _aRangarajan, C. et.al
245 _aStrategy for industrial development in the 80s
_cby C. Rangarajan et.al
260 _aDelhi
_bOxford & IBH
_c1981
300 _a242p.
650 _aIndustry - India
999 _c352181
_d352181